000 00275nam a22001337a 4500
008 210310b ||||| |||| 00| 0 eng d
041 _aeng
080 _a61
082 _a61
100 _a3
101 _aSHM
245 _aHeath Science
_cBarufaldi, J. P
942 _2udc
_cBK
999 _c56274
_d56274